Culture Générale - Série 297 - Statistiques

Statistiques générales
  • Ce quiz a été pris 234 fois
  • Le résultat moyen est 7 sur 10
Statistiques - réponses
Question Réponse % Correct
Aux jeux Olympiques, de combien de spécialités est composé le décathlon ? 10
98%
Dans quel fleuve l'Essonne se jette-t-elle ? La Seine
94%
Quel est le prénom de Racine, le dramaturge du XVIIe siècle ? Jean
92%
Au rugby, combien de points un essai transformé rapporte-t-il ? 7
89%
De quel pays les Aborigènes sont-ils les autochtones ? L'Australie
83%
Quelle est l'unité monétaire principale de l'Inde ? La roupie
73%
Par quel nom de fleurs désigne-t-on l'équipe de France Espoirs de foot ? Les Bleuets
67%
Quel nom désigne un collectionneur de pièces et de médailles ? Un numismate
64%
Quel numéro à Asnières Fernand Raynaud cherche-t-il à joindre dans un sketch ? Le 22
54%
Dans quel Etat des USA vit Eric Charden dans "Made in Normandie" ? La Pennsylvanie
23%
Aucun quiz correspondant
Distribution des résultats
% des personnes avec chaque résultat
Percentile par nombre de réponses
Votre historique - résultats
Vous n’avez pas pris ce quiz